000 00856nas a2200277 4500
001 BR7405125
003 BR-BrBNA
005 20231205082736.0
007 ta
008 230509b bl.|||p| |||| 00| 00por d
040 _aBR-BrBNA
_bpor
_cBiblioteca Nacional de Agricultura
041 _a(Pt)
072 _aQ10
100 1 _aOliveira, E.R. de
100 1 _aValsechi, O.
100 1 _aStupiello, J.P.
100 1 _aDelgado, A.A.
100 1 _aNovaes, F.V.
245 1 _aProblemas do laboratorio acucareiro; 3: Correlacao entre os metodos direto e indireto de determinacao dos acucares totais dos melacos
650 _aACUCARES
650 _aMELACO
650 _aLABORATORIO
773 0 _tBrasil Acucareiro (Brazil)
_xISSN 0006-9167
_g(Nov 1974), v. 84(5) p. 55-61
_wBR7405125
909 _a202311
_bLúcia
_c55
_dLúcia Elande
942 _2AGRIS
_n0
_cANA
999 _c93968
_d93968